Os presentes do Winnie (Registo nº 4027)

Detalhes MARC
000 -Etiqueta do registo
Cabeçalho 00953nam0a2200277 4500
005 - Identificador da versão
Campo de controlo 20240813122051.0
010 ## - Número internacional normalizado dos livros (ISBN)
Número (ISBN) 972222543X
021 ## - Número do Depósito Legal
Código do país PT
Número 242462/06
100 ## - Dados gerais de processamento
Dados gerais de processamento 20161124d2006 bc y0pory5003 ba
102 ## - Pais de publicação ou produção
País de publicação Portugal
101 1# - Língua de publicação
Língua do texto, banda sonora, etc. Português
Língua do documento no original Inglês
215 ## - Descrição física 
Indicação específica da natureza do documento e extensão da espécie [28] p.
Outras indicações físicas il. color
200 1# - Titulo e menção de responsabilidade
Título próprio Os presentes do Winnie
Primeira menção de responsabilidade texto de Sheryl Berk
Outras menções de responsabilidade baseado nas histórias Winnie the Pooh de A. A. Milne
-- il. Atelier Philippe Harchy
-- Disney Enterpeises
225 1# - Colecção 
Título próprio da colecção As aventuras do ursinho Winnie
Informação de outro título da colecção  histórias para crescer e aprender
Indicação de volume 32
210 ## - Publicação, Distribuição, etc. 
Lugar da edição, distribuição, etc. Lisboa
Nome do editor, distribuidor, etc. Verbo
Data da publicação, distribuição, etc. D.L. 2006
606 ## - Nome comum usado como assunto
Número de registo de entrada de autoridade 0001524
Palavra de ordem Literatura americana
Subdivisão de assunto Conto
Código do sistema CA
675 ## - Classificação Decimal Universal (CDU)
Notação 821.111(73)-34
Edição 3ª ed.
Língua da edição por
702 #1 - Nome de autor-pessoa física (responsabilidade secundária)
Número de registo de entrada de autoridade 0000506
Palavra de ordem Milne
Outra parte do nome não tomada para palavra de ordem A. A.
Código de função Antecedente bibliográfico
712 02 - Nome de colectividade-autor (responsabilidade secundária)
Número de registo de entrada de autoridade 0000509
Palavra de ordem Atelier Philippe Harchy
Código de função Ilustrador / Técnico de desenho computorizado
Número de registo de entrada de autoridade 0001527
Palavra de ordem Disney Enterpeises
Código de função Detentor dos direitos de autor / Copyright (Detentor do)
700 #1 - Nome de autor-pessoa física (responsabilidade principal)
Número de registo de entrada de autoridade 0000510
Palavra de ordem Berk
Outra parte do nome não tomada para palavra de ordem Sheryl
966 ## - Identificação da Biblioteca
Sigla EBVEN
942 ## - Elementos de entrada adicionados (Koha)
Tipo de item no Koha Livro
Exemplares
Situação do levantamento Origin of item (home branch) (coded) Biblioteca de empréstimo Código de barras Cota Circulation type (not for loan) Tipo de documento Nota do exemplar Damaged status
  Biblioteca Escolar das Vendas Biblioteca Escolar das Vendas BEV1526 8EST AVE   Livro Sem mensagem